حكاية رادويس / (رقم التسجيلة. 107284)

تفاصيل مارك
000 -LEADER
fixed length control field 00645nam a22002177a 4500
005 - DATE AND TIME OF LATEST TRANSACTION
control field 20251108173558.0
008 - FIXED-LENGTH DATA ELEMENTS--GENERAL INFORMATION
fixed length control field 250721s2006 xx 000 0 ara d
020 ## - INTERNATIONAL STANDARD BOOK NUMBER
International Standard Book Number 977304095x
082 14 - DEWEY DECIMAL CLASSIFICATION NUMBER
Classification number ط/ق/شار
100 1# - MAIN ENTRY--PERSONAL NAME
Personal name الشاروني، يعقوب
245 10 - TITLE STATEMENT
Title حكاية رادويس /
264 1# - PRODUCTION, PUBLICATION, DISTRIBUTION, MANUFACTURE, AND COPYRIGHT NOTICE
Place of production, publication, distribution, manufacture القاهره :
Name of producer, publisher, distributor, manufacturer دار الياس العصرية،
Date of production, publication, distribution, manufacture, or copyright notice 2006.
300 ## - PHYSICAL DESCRIPTION
Extent [ ص.48]
650 17 - SUBJECT ADDED ENTRY--TOPICAL TERM
Topical term or geographic name as entry element القصص العربية
650 17 - SUBJECT ADDED ENTRY--TOPICAL TERM
Topical term or geographic name as entry element أدب الأطفال
653 ## - INDEX TERM--UNCONTROLLED
Uncontrolled term قصص الأطفال
653 ## - INDEX TERM--UNCONTROLLED
Uncontrolled term ناشئون صغار (10-14 سنة )
700 1# - ADDED ENTRY--PERSONAL NAME
Personal name المصري، هاني
942 ## - ADDED ENTRY ELEMENTS (KOHA)
Source of classification or shelving scheme Dewey Decimal Classification
Koha item type كتب
المقتنيات
حالة السحب حالة الفقدان مصدر التصنيف حالة التلف غير قابل للإعارة المكتبة الرئيسية المكتبة الحالية موقع الرف تاريخ التزويد الرقم المتسلسل Total Checkouts رقم الإستدعاء الباركود تاريخ آخر ظهور تاريخ الفاتورة نوع المادة (كوها)
    Dewey Decimal Classification     مكتبة مرج الحمام مكتبة مرج الحمام الأطفال 28/07/2025 1139705   ط/ق/شار 1139705 28/07/2025 28/07/2025 كتب
Implemented & Customized by: BBB with SCIT (Smart Chains for Information Technology)

Powered by Koha